00321nam a2200109Ia 4500008004100000082000800041100001300049245002900062942000600091952009900097999001500196240331s9999 xx 000 0 und d bASO aAsoka, M 0aPathai mariya payanangal cL 001040708LaWERCLbWERCLcSSCd2024-03-31l0o 894.811 ASOp2362r2024-03-31w2024-03-31yL c3981d3981